[Event "HUN-chT2 Charousek 1718"]
[Site "Hungary"]
[Date "2018.01.28"]
[Round "5.2"]
[White "Pataki, Gyozo"]
[Black "Meszaros, Tamas"]
[Result "1-0"]
[WhiteElo "2305"]
[BlackElo "2406"]
[PlyCount "239"]
[EventDate "2017.10.29"]
[EventType "team-tourn"]
[EventRounds "9"]
[EventCountry "HUN"]
[SourceTitle "EXT 2021"]
[Source "ChessBase"]
[SourceDate "2020.10.23"]
[SourceVersion "1"]
[SourceVersionDate "2020.10.23"]
[SourceQuality "1"]
[WhiteTeam "Balatonfuered"]
[BlackTeam "Csuti Hydro"]
[WhiteTeamCountry "HUN"]
[BlackTeamCountry "HUN"]

1. d4 Nf6 2. c4 e6 3. Nc3 Bb4 4. Qc2 b6 5. a3 Bxc3+ 6. Qxc3 Bb7 7. f3 d5 8. Bg5 Nbd7 9. cxd5 exd5 10. e3 0-0 11. Bd3 Re8 12. Ne2 c5 13. Bb5 Re6 14. Bxd7 Qxd7 15. dxc5 bxc5 16. Qxc5 Rc8 17. Qd4 Rc4 18. Qd2 d4 19. Bxf6 gxf6 20. b3 Rc3 21. Nxc3 Rxe3+ 22. Kf2 Rxc3 23. Rhd1 Qf5 24. Qxd4 Rxb3 25. Kg1 a5 26. h3 h5 27. Rd2 Kg7 28. Rb2 a4 29. Rxb3 axb3 30. Qb2 Qc5+ 31. Kh1 Bd5 32. a4 Qa5 33. Qd4 Be6 34. Rc1 Kg6 35. Qd3+ Kg7 36. Qd4 Kg6 37. Kh2 Bf5 38. Rc5 Qxc5 39. Qxc5 b2 40. a5 b1Q 41. a6 Qb8+ 42. Kh1 Qb1+ 43. Kh2 Qa2 44. a7 Be6 45. Qf8 Qxa7 46. Qg8+ Kf5 47. Qh7+ Ke5 48. Qxh5+ Kd6 49. Qh4 Ke7 50. Qb4+ Ke8 51. Qf4 Ke7 52. Qb4+ Kd7 53. Qd2+ Ke8 54. Qf4 Qe7 55. Kh1 Bc8 56. Qa4+ Kf8 57. Qa8 Qc5 58. Qa1 Kg7 59. Qd1 Qe3 60. Qb1 Ba6 61. Qb4 Bf1 62. Qh4 Qe5 63. Qf2 Bd3 64. Qh4 Qg5 65. Qf2 Qf4 66. Kg1 Kg6 67. Kh1 Qe5 68. Kg1 f5 69. Qb6+ Kg7 70. Qd8 Qe3+ 71. Kh2 Be2 72. Qh4 Qe5+ 73. Kg1 f4 74. Qg4+ Kf6 75. Qh4+ Kg6 76. Kh2 Qg5 77. Qf2 Bd3 78. Qb6+ Kh5 79. Qd4 Bh7 80. Qh8 Kg6 81. Qd4 Qf6 82. Qe4+ Kg7 83. Qc4 Qe5 84. Qb4 Bd3 85. Qd2 Bf1 86. Qd8 Bc4 87. Qh4 Bd3 88. Qg4+ Kf8 89. Qc8+ Ke7 90. Qb7+ Kf6 91. Qb6+ Kg7 92. Qd8 Bg6 93. Qh4 f6 94. Qg4 Qf5 95. Qh4 Bf7 96. Qe1 Qe5 97. Qb4 Bd5 98. Qd2 Kf7 99. Qb4 Qe3 100. Qd6 Qe5 101. Qb4 Ke6 102. Qb6+ Qd6 103. Qd4 Kf7 104. Qd2 Qe5 105. Qb4 Kg6 106. Qc5 Kh5 107. Qf8 Kg6 108. Qc5 Be6 109. Qb4 Qe3 110. Qb1+ Bf5 111. Qb8 Be6 112. Qb1+ Kh6 113. Qb4 Kg5 114. Qf8 Qd4 115. Qg7+ Kf5 116. Qh7+ Ke5 117. Qc7+ Qd6 118. Qc3+ Kf5 119. Qc2+ Ke5 120. Qe4# 1-0

[Event "HUN-chT2 Charousek 1718"]
[Site "Hungary"]
[Date "2017.10.29"]
[Round "1.3"]
[White "Pataki, Gyozo"]
[Black "Balazs, Gabor1111"]
[Result "1/2-1/2"]
[WhiteElo "2305"]
[BlackElo "2398"]
[PlyCount "57"]
[EventDate "2017.10.29"]
[EventType "team-tourn"]
[EventRounds "9"]
[EventCountry "HUN"]
[SourceTitle "EXT 2020"]
[Source "ChessBase"]
[SourceDate "2019.10.17"]
[SourceVersion "1"]
[SourceVersionDate "2019.10.17"]
[SourceQuality "1"]
[WhiteTeam "Balatonfuered"]
[BlackTeam "Paks ASE II"]
[WhiteTeamCountry "HUN"]
[BlackTeamCountry "HUN"]

1. d4 d5 2. c4 c6 3. cxd5 cxd5 4. Nc3 Nf6 5. Bf4 Nc6 6. e3 a6 7. Bd3 Bg4 8. Nge2 e6 9. 0-0 Be7 10. Rc1 0-0 11. Na4 Nd7 12. a3 Rc8 13. h3 Bh5 14. b4 e5 15. dxe5 Ncxe5 16. Rxc8 Qxc8 17. Nac3 Nxd3 18. Qxd3 Qc4 19. Rd1 Nb6 20. Be5 Rd8 21. g4 Bg6 22. Qd4 Qxd4 23. Rxd4 Rd7 24. Nf4 f6 25. Bb8 Bf7 26. Ba7 Nc8 27. Bb8 Nb6 28. Ba7 Nc8 29. Bb8 1/2-1/2

[Event "HUN-chT 1314"]
[Site "Hungary"]
[Date "2013.10.20"]
[Round "3"]
[White "Nemeth, Miklos"]
[Black "Pataki, Gyozo"]
[Result "1/2-1/2"]
[WhiteElo "2473"]
[BlackElo "2323"]
[PlyCount "107"]
[EventDate "2013.09.08"]
[EventType "team-tourn"]
[EventRounds "9"]
[EventCountry "HUN"]
[SourceTitle "EXT 2015"]
[Source "ChessBase"]
[SourceDate "2014.11.20"]
[SourceVersion "1"]
[SourceVersionDate "2014.11.20"]
[SourceQuality "1"]
[WhiteTeam "HVSE Infraplan"]
[BlackTeam "Decs"]
[WhiteTeamCountry "HUN"]
[BlackTeamCountry "HUN"]

1. e4 c5 2. Nf3 Nc6 3. d4 cxd4 4. Nxd4 Nf6 5. Nc3 d6 6. Bg5 e6 7. Qd2 a6 8. 0-0-0 h6 9. Bf4 Bd7 10. Nxc6 Bxc6 11. Qe1 Be7 12. e5 Nh5 13. Be3 Qc7 14. Be2 g6 15. Bxh5 gxh5 16. Bf4 0-0-0 17. f3 Bg5 18. Bxg5 hxg5 19. Qg3 dxe5 20. Rxd8+ Qxd8 21. Qxe5 Re8 22. Rd1 Qe7 23. Ne4 Bxe4 24. Qxe4 Rd8 25. Rxd8+ Kxd8 26. Qe5 Kd7 27. g3 f6 28. Qe4 Kc8 29. a4 Qd6 30. Qg6 Qe5 31. Kb1 Qd4 32. Qxh5 Qd1+ 33. Ka2 Qxc2 34. Qe8+ Kc7 35. Qe7+ Kb8 36. Qd6+ Ka8 37. Qd8+ Ka7 38. Qd4+ Ka8 39. h4 gxh4 40. gxh4 f5 41. Ka3 Qh2 42. a5 e5 43. Qd5 Qh3 44. b3 Qxh4 45. Qxe5 Qh1 46. Qe8+ Ka7 47. Qe3+ Kb8 48. Kb4 Qh4+ 49. f4 Qf6 50. Qc5 Qe6 51. Qf8+ Kc7 52. Qg7+ Kb8 53. Qf8+ Kc7 54. Qg7+ 1/2-1/2

[Event "HUN-chT 1314"]
[Site "Hungary"]
[Date "2013.09.08"]
[Round "1"]
[White "Pataki, Gyozo"]
[Black "Izsak, Gyula"]
[Result "1/2-1/2"]
[WhiteElo "2323"]
[BlackElo "2444"]
[PlyCount "23"]
[EventDate "2013.09.08"]
[EventType "team-tourn"]
[EventRounds "9"]
[EventCountry "HUN"]
[SourceTitle "EXT 2015"]
[Source "ChessBase"]
[SourceDate "2014.11.20"]
[SourceVersion "1"]
[SourceVersionDate "2014.11.20"]
[SourceQuality "1"]
[WhiteTeam "Decs"]
[BlackTeam "MLTC"]
[WhiteTeamCountry "HUN"]
[BlackTeamCountry "HUN"]

1. d4 Nf6 2. c4 c6 3. Nc3 d5 4. cxd5 cxd5 5. Bf4 Nc6 6. e3 e6 7. Bd3 Bd6 8. Bxd6 Qxd6 9. f4 Bd7 10. Nf3 Rc8 11. Qd2 0-0 12. 0-0 1/2-1/2

[Event "HUN-chT 1213"]
[Site "Hungary"]
[Date "2013.01.27"]
[Round "6"]
[White "Pataki, Gyozo"]
[Black "Hajnal, Zoltan"]
[Result "1/2-1/2"]
[WhiteElo "2367"]
[BlackElo "2384"]
[PlyCount "34"]
[EventDate "2012.09.16"]
[EventType "team-tourn"]
[EventRounds "9"]
[EventCountry "HUN"]
[SourceTitle "EXT 2014"]
[Source "ChessBase"]
[SourceDate "2013.11.20"]
[SourceVersion "1"]
[SourceVersionDate "2013.11.20"]
[SourceQuality "1"]
[WhiteTeam "Decs"]
[BlackTeam "Toth Laszlo"]
[WhiteTeamCountry "HUN"]
[BlackTeamCountry "HUN"]

1. d4 d5 2. c4 c6 3. cxd5 cxd5 4. Nc3 Nf6 5. Bf4 Nc6 6. e3 a6 7. Nf3 Bg4 8. Be2 e6 9. 0-0 Bd6 10. Bxd6 Qxd6 11. Rc1 0-0 12. Na4 Nd7 13. h3 Bxf3 14. Bxf3 Rac8 15. Qd2 Ne7 16. b4 Rc6 17. Nc5 Nxc5 1/2-1/2

[Event "Subotica"]
[Site "Subotica"]
[Date "2012.12.16"]
[Round "4"]
[White "Pataki, Gyozo"]
[Black "Sertic, Rudolf"]
[Result "0-1"]
[WhiteElo "2356"]
[BlackElo "2374"]
[PlyCount "78"]
[EventDate "2012.12.14"]
[EventType "tourn"]
[EventRounds "9"]
[EventCountry "SRB"]
[EventCategory "3"]
[SourceTitle "EXT 2014"]
[Source "ChessBase"]
[SourceDate "2013.11.20"]
[SourceVersion "1"]
[SourceVersionDate "2013.11.20"]
[SourceQuality "1"]

1. d4 Nf6 2. c4 e6 3. Nc3 Bb4 4. e3 0-0 5. Nge2 d5 6. a3 Be7 7. cxd5 exd5 8. g3 c6 9. Bg2 Bf5 10. 0-0 Re8 11. f3 Bd6 12. e4 dxe4 13. fxe4 Bxe4 14. Rxf6 Bxg2 15. Rxd6 Qxd6 16. Kxg2 Nd7 17. Bf4 Qg6 18. Qb1 Qh5 19. Qd3 Nb6 20. Rf1 Re7 21. Qf3 Qg6 22. Be5 Nc4 23. Nf4 Qh6 24. Qe2 b5 25. b3 Nxa3 26. Qb2 b4 27. Na4 Rae8 28. Rf2 Nb5 29. Nd3 Qg6 30. Nac5 f6 31. Bf4 Nc3 32. Nxb4 Nd1 33. Qc2 Qh5 34. Nbd3 Qd5+ 35. Kg1 Nxf2 36. Kxf2 g5 37. Bc1 Qf5+ 38. Kg1 Re1+ 39. Nxe1 Rxe1+ 0-1

[Event "AUT-chT2M 1213"]
[Site "Austria"]
[Date "2012.11.25"]
[Round "5.3"]
[White "Hiermann, Dietmar"]
[Black "Pataki, Gyozo"]
[Result "1-0"]
[WhiteElo "2311"]
[BlackElo "2367"]
[PlyCount "66"]
[EventDate "2012.10.19"]
[EventType "team-tourn"]
[EventRounds "11"]
[EventCountry "AUT"]
[SourceTitle "CBM 151 Extra"]
[Source "ChessBase"]
[SourceDate "2012.12.18"]
[SourceVersion "1"]
[SourceVersionDate "2012.12.18"]
[SourceQuality "1"]
[WhiteTeam "Sauwald"]
[BlackTeam "Steyregg"]
[WhiteTeamCountry "AUT"]
[BlackTeamCountry "AUT"]

1. e4 c5 2. Nf3 Nc6 3. d4 cxd4 4. Nxd4 Nf6 5. Nc3 d6 6. f3 e6 7. Be3 a6 8. Qd2 Be7 9. 0-0-0 h5 10. Kb1 Bd7 11. Bd3 Qc7 12. Rhe1 b5 13. Nxc6 Bxc6 14. Bg5 0-0 15. h4 Rfd8 16. Ne2 d5 17. e5 Ne4 18. Qf4 Nxg5 19. hxg5 g6 20. g4 hxg4 21. Rh1 Bf8 22. Nd4 Bg7 23. Nxc6 Qxc6 24. Rh7 Qc7 25. Rxg7+ Kxg7 26. Qf6+ Kf8 27. Bxg6 Ke8 28. Rh1 Kd7 29. Bxf7 Kc6 30. Bxe6 gxf3 31. g6 Kc5 32. c3 Rf8 33. Bf7 Rad8 1-0

[Event "HUN-chT 1112"]
[Site "Hungary"]
[Date "2012.05.20"]
[Round "11"]
[White "Kerek, Krisztian"]
[Black "Pataki, Gyozo"]
[Result "1/2-1/2"]
[WhiteElo "2300"]
[BlackElo "2354"]
[PlyCount "22"]
[EventDate "2011.09.25"]
[EventType "team-tourn"]
[EventRounds "11"]
[EventCountry "HUN"]
[SourceTitle "EXT 2013"]
[Source "ChessBase"]
[SourceDate "2012.11.22"]
[SourceVersion "1"]
[SourceVersionDate "2012.11.22"]
[SourceQuality "1"]
[WhiteTeam "Tatai Honved"]
[BlackTeam "Decs"]
[WhiteTeamCountry "HUN"]
[BlackTeamCountry "HUN"]

1. e4 c5 2. Nf3 Nc6 3. d4 cxd4 4. Nxd4 Nf6 5. Nc3 d6 6. Bg5 e6 7. Qd2 Be7 8. 0-0-0 Nxd4 9. Qxd4 a6 10. f3 b5 11. Be3 h5 1/2-1/2

[Event "HUN-chT 1112"]
[Site "Hungary"]
[Date "2012.05.06"]
[Round "10"]
[White "Pataki, Gyozo"]
[Black "Csonka, Balazs"]
[Result "1-0"]
[WhiteElo "2354"]
[BlackElo "2289"]
[PlyCount "145"]
[EventDate "2011.09.25"]
[EventType "team-tourn"]
[EventRounds "11"]
[EventCountry "HUN"]
[SourceTitle "EXT 2013"]
[Source "ChessBase"]
[SourceDate "2012.11.22"]
[SourceVersion "1"]
[SourceVersionDate "2012.11.22"]
[SourceQuality "1"]
[WhiteTeam "Decs"]
[BlackTeam "Mako"]
[WhiteTeamCountry "HUN"]
[BlackTeamCountry "HUN"]

1. d4 d5 2. c4 c6 3. Nf3 Nf6 4. e3 Bg4 5. h3 Bxf3 6. Qxf3 e6 7. Nc3 Nbd7 8. Bd3 Bd6 9. 0-0 0-0 10. Rd1 Re8 11. Bd2 Qe7 12. Qe2 dxc4 13. Bxc4 Nb6 14. Bb3 e5 15. dxe5 Qxe5 16. g3 Rad8 17. Be1 Bc5 18. Kg2 Nbd5 19. Qf3 Nxc3 20. Bxc3 Qe4 21. Rac1 Bb6 22. Bxf6 Qxf3+ 23. Kxf3 gxf6 24. Rxd8 Rxd8 25. Ke2 Kg7 26. Rc4 Ba5 27. Rc2 Bb6 28. Bc4 h6 29. Bd3 Rd5 30. Rc4 Rh5 31. Rg4+ Rg5 32. Rb4 Re5 33. g4 Kf8 34. Bf5 Re7 35. Rb3 Re8 36. Kf3 Rd8 37. Ke2 Kg7 38. Rb4 Kf8 39. a4 Rd2+ 40. Kf3 Rd8 41. a5 Bxa5 42. Rxb7 Bb6 43. Bd7 c5 44. b3 Ra8 45. Ke4 Bd8 46. Bc6 Rc8 47. Kd5 Bb6 48. Bd7 Rc7 49. Rb8+ Kg7 50. Bb5 Re7 51. Bc4 Rd7+ 52. Kc6 Rd2 53. f4 Rh2 54. Rb7 Rxh3 55. Rxf7+ Kh8 56. Rxf6 Rxe3 57. Rxh6+ Kg7 58. g5 Rf3 59. Rf6 Ba5 60. Kd5 Bd2 61. Ke4 Re3+ 62. Kf5 Re7 63. Rg6+ Kh7 64. Bg8+ Kh8 65. Be6 Kh7 66. Bg8+ Kh8 67. Bd5 Kh7 68. Rc6 Be3 69. Rc8 Bd4 70. Bc4 Kg7 71. Kg4 Re1 72. f5 Rg1+ 73. Kf4 1-0

[Event "Las Palmas Montalvo Memorial 5th"]
[Site "Las Palmas"]
[Date "2012.04.05"]
[Round "4"]
[White "Cruz Pino, Adrian"]
[Black "Pataki, Gyozo"]
[Result "0-1"]
[WhiteElo "2011"]
[BlackElo "2357"]
[PlyCount "132"]
[EventDate "2012.04.02"]
[EventType "swiss"]
[EventRounds "9"]
[EventCountry "ESP"]
[SourceTitle "CBM 147 Extra"]
[Source "ChessBase"]
[SourceDate "2012.04.24"]
[SourceVersion "1"]
[SourceVersionDate "2012.04.24"]
[SourceQuality "1"]

1. Nf3 d5 2. d4 Nf6 3. e3 c5 4. Be2 Nc6 5. b3 Bf5 6. 0-0 e6 7. Bb2 Be7 8. Nbd2 0-0 9. Nh4 Be4 10. Nxe4 Nxe4 11. Nf3 Bf6 12. Qc1 Rc8 13. Rd1 Qa5 14. c4 Rfd8 15. Ne5 cxd4 16. Nxc6 Rxc6 17. exd4 dxc4 18. bxc4 Rc7 19. Qf4 Nd6 20. c5 Ne8 21. Rd3 Qb5 22. Qd2 Qd7 23. Rd1 b6 24. cxb6 axb6 25. Qb4 Qd6 26. Ba3 Qxb4 27. Bxb4 Rc2 28. Bf3 Rc4 29. Bc3 Nc7 30. Ba1 h6 31. g3 Rd6 32. Kg2 Nb5 33. d5 Bxa1 34. Rxa1 Nc7 35. Rad1 e5 36. Rb3 e4 37. Be2 Rc2 38. Kf1 Rc5 39. Rb4 f5 40. f3 exf3 41. Bxf3 Rc2 42. a4 Rxh2 43. Bg2 Rh5 44. Kf2 Rg5 45. Rc4 Na6 46. Rc6 Rgg6 47. Rb1 Nc5 48. Rbxb6 Nd3+ 49. Ke3 Rxg3+ 50. Kd4 Rd8 51. d6 Nf4 52. Bd5+ Kh7 53. Bc4 Ra3 54. Ke5 Ng6+ 55. Kxf5 Rxa4 56. Ke6 Ra1 57. Bd3 Re1+ 58. Kd5 Re5+ 59. Kd4 Re6 60. Bxg6+ Kxg6 61. Kd5 Kf6 62. Rc2 Re5+ 63. Kd4 Re1 64. Rc7 Rd1+ 65. Kc5 Rc1+ 66. Kb5 Rb1+ 0-1

[Event "HUN-chT 1112"]
[Site "Hungary"]
[Date "2012.03.25"]
[Round "8"]
[White "Pataki, Gyozo"]
[Black "Arsovic, Goran"]
[Result "1/2-1/2"]
[WhiteElo "2354"]
[BlackElo "2409"]
[PlyCount "21"]
[EventDate "2011.09.25"]
[EventType "team-tourn"]
[EventRounds "11"]
[EventCountry "HUN"]
[SourceTitle "EXT 2013"]
[Source "ChessBase"]
[SourceDate "2012.11.22"]
[SourceVersion "1"]
[SourceVersionDate "2012.11.22"]
[SourceQuality "1"]
[WhiteTeam "Decs"]
[BlackTeam "Toth Laszlo"]
[WhiteTeamCountry "HUN"]
[BlackTeamCountry "HUN"]

1. d4 Nf6 2. c4 g6 3. Nc3 Bg7 4. e4 d6 5. f3 0-0 6. Be3 c5 7. dxc5 dxc5 8. Qxd8 Rxd8 9. Bxc5 Nc6 10. Ba3 b6 11. Nge2 1/2-1/2

[Event "Zalakaros op 30th"]
[Site "Zalakaros"]
[Date "2011.05.24"]
[Round "5"]
[White "Frink, Ferenc"]
[Black "Pataki, Gyozo"]
[Result "1/2-1/2"]
[WhiteElo "2264"]
[BlackElo "2365"]
[PlyCount "143"]
[EventDate "2011.05.20"]
[EventType "swiss"]
[EventRounds "9"]
[EventCountry "HUN"]
[SourceTitle "CBM 142 Extra"]
[Source "ChessBase"]
[SourceDate "2011.06.27"]
[SourceVersion "1"]
[SourceVersionDate "2011.06.27"]
[SourceQuality "1"]

1. e4 c5 2. b4 cxb4 3. a3 d5 4. e5 Nc6 5. d4 Qb6 6. Be3 Bf5 7. Bd3 Bxd3 8. Qxd3 e6 9. Ne2 Nge7 10. 0-0 Nf5 11. axb4 Bxb4 12. c3 Be7 13. Nd2 0-0 14. Nf4 a5 15. Nxd5 exd5 16. Qxf5 a4 17. Qg4 f5 18. exf6 Rxf6 19. Rfb1 Qc7 20. Qd1 a3 21. Qb3 Qa5 22. c4 dxc4 23. Qxc4+ Kh8 24. Rxb7 Rd8 25. Nb3 Qh5 26. Rb5 Qe8 27. Nc5 Nxd4 28. Ra5 Nf5 29. R5xa3 Rc6 30. Qe4 Nxe3 31. Rxe3 Rxc5 32. Qxe7 Qxe7 33. Rxe7 Rcd5 34. g3 Rd1+ 35. Rxd1 Rxd1+ 36. Kg2 h6 37. h4 Rd5 38. g4 Kg8 39. h5 Kf8 40. Ra7 Rd3 41. f3 Rb3 42. Kg3 Rb4 43. Ra5 Kf7 44. Rf5+ Ke7 45. Rf4 Rb2 46. Rc4 Kf6 47. Kf4 Rb5 48. Rc6+ Kf7 49. Rd6 Ke7 50. Rd4 Kf6 51. Ke3 Ra5 52. f4 Rb5 53. Ke4 Ra5 54. Rd6+ Kf7 55. Rd5 Ra6 56. g5 hxg5 57. fxg5 Ra4+ 58. Kf5 g6+ 59. hxg6+ Kg7 60. Rd7+ Kg8 61. Re7 Ra6 62. Re6 Rxe6 63. Kxe6 Kg7 64. Kf5 Kg8 65. Kf6 Kf8 66. Ke6 Kg7 67. Kf5 Kg8 68. Kg4 Kg7 69. Kh5 Kg8 70. Kh6 Kh8 71. g7+ Kg8 72. g6 1/2-1/2